Process algebra
Αποθηκεύτηκε σε:
| Κύριος συγγραφέας: | |
|---|---|
| Άλλοι συγγραφείς: | |
| Μορφή: | Βιβλίο |
| Γλώσσα: | English |
| Δημοσίευση: |
Cambridge : New York :
Cambridge University Press,
1990
|
| Σειρά: | Cambridge tracts in theoretical computer science ;
; 18 |
| Θέματα: | |
| Ετικέτες: |
Προσθήκη ετικέτας
Δεν υπάρχουν, Καταχωρήστε ετικέτα πρώτοι!
|
MARC
| LEADER | 00000nam a2200000 i 4500 | ||
|---|---|---|---|
| 001 | 1/38006 | ||
| 008 | 941103s1990 eng d | ||
| 020 | |a 0521400430 | ||
| 035 | |l 10040661 | ||
| 035 | |a 1993 |c ΠΑΝΑΓΙΩΤΟΠΟΥΛΟΣ | ||
| 040 | |a GR-MY-UA |b gre |e aacr | ||
| 041 | 0 | |a eng | |
| 082 | 0 | |a 511.3 |2 (20) | |
| 100 | 1 | |a Baeten, J. C. M. | |
| 245 | 1 | 0 | |a Process algebra / |c J.C.M. Baeten and W.P. Weijland |
| 260 | |a Cambridge : |a New York : |b Cambridge University Press, |c 1990 | ||
| 300 | |a 248 p.; |c 26 cm | ||
| 490 | 1 | |a Cambridge tracts in theoretical computer science |v ; 18 | |
| 504 | |a Includes bibliographical references (p. 227-234) and indexes | ||
| 650 | 0 | 0 | |a Machine theory. |
| 650 | 0 | 0 | |a Parallel processing (Electronic computers) |
| 700 | 1 | |a Weijland, W. P. | |
| 830 | 0 | |a Cambridge tracts in theoretical computer science ; |v ; 18 | |
| 852 | |a INST |b SAMOS |e 19941103 |h 511.3 BAE |p 005300003736 |q 005300003736 |t BK |y 0 | ||
| 909 | |a Σ |b 029702 | ||